Stone vessels, pottery and sealings from the tomb of Tutankhamun /

محفوظ في:

المؤلف الرئيسي: Baines, John

التنسيق: كتاب

اللغة: English

منشور في: oxford : griffith institute, ashmolean museum, 1993.

الموضوعات:

الوسوم: إضافة وسم

لا توجد وسوم, كن أول من يضع وسما على هذه التسجيلة!

رقم الطلب: DT87.5 .S76

LEADER 00668nam a22002057a 4500
003 OSt
005 20260114110625.0
008 220401s1993||||xx af|||||||||||| ||eng|d
020 |a  9780900416637 
050 4 |a DT87.5   |b .S76 
100 1 |a Baines, John 
245 1 0 |a Stone vessels, pottery and sealings from the tomb of Tutankhamun /   |b    |c John Baines 
264 1 |a oxford :  |b griffith institute, ashmolean museum,  |c 1993. 
300 |a xviii, 177p., (16), 50p. Of plates :  |b ill. ;  |c 29cm. 
500 |a includes biBLiographical references. 
650 1 4 |a pottery, egyptian. 
650 1 4 |a tutankhamun, king of egypt tomb. 
901 |a reviewed 
942 |2 lcc  |c BK 
999 |c 47147  |d 47147